| 000 | 00000nam##2200000za#4500 |
| 001 | 9.689248 |
| 003 | CaOODSP |
| 005 | 20210927150442 |
| 007 | cr ||||||||||| |
| 008 | 150407|2007||||xxc|||||o f|0| 0 eng|d |
| 020 | |a978-0-662-44999-7 |
| 040 | |aCaOODSP|beng |
| 043 | |an-cn--- |
| 086 | 1 |aR2-457/2007E-PDF |
| 110 | 1 |aCanada. |bIndian and Northern Affairs Canada. |
| 245 | 10|aRegistered Indian demography : |h[electronic resource]|bpopulation, household and family projections, 2004-2029 |
| 260 | |aOttawa - Ontario : |bIndian and Northern Affairs |c2007. |
| 300 | |a1p. : |bfigs., graphs, photographs ; |eA Statistical appendix (22p.) and Statistical appendices (102p.) |
| 500 | |aThe catalogue number (R2-457/2007) and ISBN (978-0-662-49807-0) for the bilingual print edition have been incorrectly copied in this electronic publication. |
| 590 | |a08-29|b2008-07-18 |
| 590 | |a12-05-Supp|b2012-03-02 |
| 690 | 07|aIndigenous peoples|2gcpds |
| 775 | 08|tLa démographie des Indiens inscrits : |w(CaOODSP)9.633666 |
| 776 | 0#|tRegistered Indian demography : |w(CaOODSP)9.668333 |
| 776 | 0#|tLa démographie des Indiens inscrits : |w(CaOODSP)9.668334 |
| 856 | 40|ahttp://publications.gc.ca|qPDF|s539 KB|uhttps://publications.gc.ca/collections/collection_2008/inac-ainc/R2-457-2007E.pdf |
| 856 | 40|ahttp://publications.gc.ca|qPDF|s91 KB|uhttps://publications.gc.ca/collections/collection_2008/inac-ainc/R2-457-2007E-1.pdf |
| 856 | 40|ahttp://publications.gc.ca|qPDF|s363 KB|uhttps://publications.gc.ca/collections/collection_2008/inac-ainc/R2-457-2007E-2.pdf |